|
|
|
|
| LEADER |
00000nam0a2200000 4500 |
| 001 |
257475 |
| 005 |
20231101233215.0 |
| 035 |
|
|
|a (RuTPU)RU\TPU\book\280278
|
| 090 |
|
|
|a 257475
|
| 100 |
|
|
|a 20140416d1987 k y0rusy50 ca
|
| 101 |
0 |
|
|a rus
|
| 102 |
|
|
|a RU
|
| 105 |
|
|
|a a z 001zy
|
| 200 |
1 |
|
|a Прогнозирование в гидрогеологии и инженерной геологии
|e межвузовский сборник
|f Новочеркасский политехнический институт им. Серго Орджоникидзе (НПИ) ; под ред. А. И. Гавришина
|
| 210 |
|
|
|a Новочеркасск
|c Изд-во НПИ
|d 1987
|
| 215 |
|
|
|a 137 с.
|c ил.
|
| 320 |
|
|
|a Библиогр. в конце ст.
|
| 606 |
1 |
|
|a Гидрология общая
|2 stltpush
|3 (RuTPU)RU\TPU\subj\6718
|9 34528
|
| 610 |
1 |
|
|a инженерная геология
|
| 610 |
1 |
|
|a прогнозирование
|
| 610 |
1 |
|
|a методы классификации
|
| 610 |
1 |
|
|a дренажные воды
|
| 610 |
1 |
|
|a минерализация
|
| 610 |
1 |
|
|a грунтовые воды
|
| 610 |
1 |
|
|a водоносные пласты
|
| 610 |
1 |
|
|a оползневые явления
|
| 675 |
|
|
|a 556.3.06
|v 3
|
| 702 |
|
1 |
|a Гавришин
|b А. И.
|4 340
|
| 712 |
0 |
2 |
|a Новочеркасский политехнический институт им. Серго Орджоникидзе (НПИ)
|c (1948-1993)
|2 stltpush
|3 (RuTPU)RU\TPU\col\227
|
| 801 |
|
1 |
|a RU
|b 63413507
|c 20140416
|
| 801 |
|
2 |
|a RU
|b 63413507
|c 20141211
|g RCR
|
| 942 |
|
|
|c BK
|